000 00426nam a2200157Ia 4500
001 57555
008 140505n ii |||gr||||Z||||||465
082 _a297.4
100 _aJackson,
_ePaul .,
245 0 _aLetters From Maneri
_cPaul Jackson
_hTextual Documents
260 _aNew Delhi:
_bHorizon India Books.
300 _a458p:
_c23cm.
653 _aLetters From Maneri(Sufi Saint)
653 _aG-Religion
942 _2ddc
_cBK
999 _c57463
_d57463